ბათუმის შოთა რუსთაველის სახელმწიფო უნივერსიტეტის ბიბლიოთეკა

ჩვენებით ნაცვალსახელთა სისტემები ქართულში სხვა ქართველურ ენებთან შედარებით / (ბიბ.ჩანაწერი № 54660)

000 -ლიდერი
ფიქსირებული სიგრძის საკონტროლო ველი 01550nam a2200265Ia 4500
001 - საკონტროლო ნომერი
საკონტროლო ველი 21727
003 - საკონტროლო ნომრის იდენტიფიკატორი
საკონტროლო ველი GE_BSU
005 - ბოლო ოპერაციის თარიღი და დრო
საკონტროლო ველი 20220121170413.0
008 - ფიქსირებული სიგრძის მონაცემთა ელემენტები - ზოგადი ინფორმაცია
ფიქსირებული სიგრძის საკონტროლო ველი 181216s1985||||ge |||||||||||||| ||geo||
040 ## - კატალოგიზაციის წყარო
Transcribing agency GE_BSU
041 ## - ენის კოდი
Language code of text/sound track or separate title geo
080 ## - უნივერსალური ათობითი კლასიფიკაციის ინდექსი
Universal Decimal Classification number 811.353.1'367.626 ჩ-23
100 ## - მთავარი ჩანაწერი - პიროვნების სახელი
Personal name ჩართოლანი, ნ.
9 (RLIN) 13430
245 ## - ცნობა სათაურის შესახებ
Title ჩვენებით ნაცვალსახელთა სისტემები ქართულში სხვა ქართველურ ენებთან შედარებით /
Statement of responsibility, etc ნ. ჩართოლანი ; რედ. ივ. ქავთარაძე.
264 ## - წარმოების, გამოცემის, დისტრიბუციის და სხვა ცნობები
გამოცემის, წარმოების, დისტრიბუციის... ადგილი თბილისი :
გამოცემის, წარმოების, დისტრიბუციის... სახელწოდება მეცნიერება,
გამოცემის, წარმოების, დისტრიბუციის... თარიღი 1985.
300 ## - ფიზიკური აღწერა
Extent 167გვ. ;
Dimensions 22 სმ.
504 ## - BIBLIOGRAPHY, ETC. NOTE
Bibliography, etc ბიბლიოგრაფია გვ. : 159-166
653 ## - INDEX TERM--UNCONTROLLED
Uncontrolled term ქართული ენა
653 ## - INDEX TERM--UNCONTROLLED
Uncontrolled term ჩვენებით ნაცვალსახელთა სისტემები ქართულში სხვა ქართველურ ენებთან შედარებით
653 ## - INDEX TERM--UNCONTROLLED
Uncontrolled term ჩვენებითი ნაცვალსახელი ქართულ ენაში
700 ## - ADDED ENTRY--PERSONAL NAME
Personal name ქავთარაძე, ივ.
Relator term რედაქტორი
9 (RLIN) 13431
710 ## - ADDED ENTRY--CORPORATE NAME
Corporate name or jurisdiction name as entry element საქართველოს სსრ მეცნიერებათა აკადემია
Subordinate unit ენათმეცნიერების ინსტიტუტი
9 (RLIN) 13432
942 ## - ADDED ENTRY ELEMENTS (KOHA)
Koha item type წიგნი
Source of classification or shelving scheme
ეგზემპლარები
ჩამოწერის სტატუსი დაკარგული ეგზემპლარის სტატუსი კლასიფიკაციის წყარო ან თაროზე გაწყობის სქემა დაზიანების სტატუსი არ გაიცემა მუდმივი მდებარეობა (დაცვის ადგილი) ამჟამინდელი ადგილსამყოფელი თაროზე განთავსების ადგილი შეძენის თარიღი ღირებულება, შესყიდვის ნორმალური ფასი სრული შენახვის შიფრი შტრიხკოდი ბოლო ოპერაციის თარიღი ეგზემპლარის მიმდევრობითი ნომერი (კეტერი?) ფასის ძალაში შესვლის თარიღი ეგზემპლარის სახეობა საჯარო შენიშვნა
          ბათუმის შოთა რუსთაველის სახელმწიფო უნივერსიტეტის მთავარი ბიბლიოთეკა ბათუმის შოთა რუსთაველის სახელმწიფო უნივერსიტეტის მთავარი ბიბლიოთეკა წიგნსაცავი 2018-12-17 5.00 811.353.1'367.626 ჩ-23 55934 2018-12-17 55934 2018-12-17 წიგნი 5.00 ₾.